The art and interiors of Rashtrapati Bhawan : (Record no. 152351)

MARC details
000 -LEADER
fixed length control field 00925nam a22002177a 4500
005 - DATE AND TIME OF LATEST TRANSACTION
control field 20180529131108.0
010 ## - LCCN (DPL NO)
LC control number B-680880-891
020 ## - INTERNATIONAL STANDARD BOOK NUMBER
International Standard Book Number 9788123021300
Terms of availability 2480.00
035 ## - SYSTEM CONTROL NUMBER
System control number B-680880-891
037 ## - SOURCE OF ACQUISITION
Source of stock number/acquisition Bookwell
Stock number dpl
082 ## - DEWEY DECIMAL CLASSIFICATION NUMBER
Classification number 954.56
245 ## - TITLE STATEMENT
Title The art and interiors of Rashtrapati Bhawan :
Statement of responsibility, etc edited by Partha Mitter [and] Naman P. Ahuja
Remainder of title lutyens and beyond /
260 ## - PUBLICATION, DISTRIBUTION, ETC. (IMPRINT)
Date of publication, distribution, etc 2016
Place of publication, distribution, etc New Delhi
Name of publisher, distributor, etc Publication Division, Govt. Of India
270 ## - ADDRESS
Address 24/4800,Ansari Road , Daraya Ganj ,
City New Delhi
Postal code 110002
300 ## - PHYSICAL DESCRIPTION
Dimensions 29cm(Hb)
Extent 334p.:
Other physical details ill. (col. pic.)
500 ## - GENERAL NOTE
General note Includes bibliographical references and index
700 ## - ADDED ENTRY--PERSONAL NAME
Personal name Mitter, Partha
700 ## - ADDED ENTRY--PERSONAL NAME
Personal name Ahuja, Naman P.
942 ## - ADDED ENTRY ELEMENTS (KOHA)
Item type English Books
Source of classification or shelving scheme Dewey Decimal Classification
Call number suffix ART
Classification part 954.56
Holdings
Withdrawn status Lost status Not for loan Collection code Home library Current library Date acquired Source of acquisition Cost, normal purchase price Full call number Barcode Copy number Cost, replacement price Koha item type
    Not For Loan Reference Ashok Vihar Ashok Vihar 29/05/2018 Bookwell/0730/25.11.2017/643/20.11.2017/27.11.2017 2480.00 954.56 ART B-680881 1 2480.00 English Books
    Not For Loan Reference Bagh Kadhe Khan Bagh Kadhe Khan 29/05/2018 Bookwell/0730/25.11.2017/643/20.11.2017/27.11.2017 2480.00 954.56 ART B-680888 1 2480.00 English Books
    Not For Loan Reference Bawana Bawana 29/05/2018 Bookwell/0730/25.11.2017/643/20.11.2017/27.11.2017 2480.00 954.56 ART B-680890 1 2480.00 English Books
    Not For Loan Reference Central Library Central Library 29/05/2018 Bookwell/0730/25.11.2017/643/20.11.2017/27.11.2017 2480.00 954.56 ART B-680880 1 2480.00 English Books
    Not For Loan Reference Janak Puri Janak Puri 29/05/2018 Bookwell/0730/25.11.2017/643/20.11.2017/27.11.2017 2480.00 954.56 ART B-680885 1 2480.00 English Books
    Not For Loan Reference Kasturba Gandhi Marg Kasturba Gandhi Marg 29/05/2018 Bookwell/0730/25.11.2017/643/20.11.2017/27.11.2017 2480.00 954.56 ART B-680883 1 2480.00 English Books
    Not For Loan Reference Narela Narela 29/05/2018 Bookwell/0730/25.11.2017/643/20.11.2017/27.11.2017 2480.00 954.56 ART B-680889 1 2480.00 English Books
    Not For Loan Reference New Rohtak Road New Rohtak Road 29/05/2018 Bookwell/0730/25.11.2017/643/20.11.2017/27.11.2017 2480.00 954.56 ART B-680887 1 2480.00 English Books
    Not For Loan Reference Patel Nagar Patel Nagar 29/05/2018 Bookwell/0730/25.11.2017/643/20.11.2017/27.11.2017 2480.00 954.56 ART B-680882 1 2480.00 English Books
    Not For Loan Reference Peshwa Road Peshwa Road 29/05/2018 Bookwell/0730/25.11.2017/643/20.11.2017/27.11.2017 2480.00 954.56 ART B-680884 1 2480.00 English Books
    Not For Loan Reference Sarojini Nagar Sarojini Nagar 29/05/2018 Bookwell/0730/25.11.2017/643/20.11.2017/27.11.2017 2480.00 954.56 ART B-680886 1 2480.00 English Books
      Non-fiction Shahdara Branch Shahdara Branch 29/05/2018 Bookwell/0730/25.11.2017/643/20.11.2017/27.11.2017 2480.00 954.56 ART B-680891 1 2480.00 English Books

© Delhi Public Library
Hit Counter
free hit counter